Every Country with an Olympic Medal: Boxing - Statistics

General Stats
  • This quiz has been taken 52 times
    41 since last reset
  • The average score is 42 of 86
Answer Stats
# of Medals Country % Correct
118 USA
97%
28 France
94%
19 China
91%
63 Great Britain
91%
14 Mexico
91%
30 Russia
91%
18 Canada
88%
24 Germany
88%
48 Italy
88%
9 Brazil
82%
8 Japan
82%
6 Spain
82%
16 Ukraine
79%
80 Cuba
76%
21 South Korea
76%
24 Argentina
73%
7 Australia
73%
26 Kazakhstan
73%
3 India
70%
44 Poland
70%
15 Thailand
70%
1 Thailand
70%
19 South Africa
67%
11 Sweden
67%
19 Ireland
64%
4 Morocco
64%
12 Denmark
61%
5 Norway
61%
7 Algeria
58%
2 Belarus
58%
20 Bulgaria
58%
4 Egypt
58%
16 Finland
58%
1 Lithuania
58%
1 Niger
58%
25 Romania
58%
10 Turkey
58%
20 Uzbekistan
58%
5 Colombia
55%
1 Estonia
55%
20 Hungary
55%
8 Netherlands
55%
4 New Zealand
55%
6 Nigeria
55%
1 Czech Republic
52%
9 North Korea
52%
4 Belgium
48%
1 Croatia
48%
7 Mongolia
48%
10 Philippines
48%
3 Chile
45%
4 Dominican Republic
45%
51 Soviet Union
45%
1 Uruguay
45%
6 Venezuela
45%
2 Georgia
42%
1 Pakistan
42%
1 Panama
42%
2 Tunisia
42%
7 Kenya
39%
4 Ghana
36%
2 Tajikistan
36%
10 Azerbaijan
33%
2 Moldova
33%
2 Armenia
30%
11 Yugoslavia
27%
2 Cameroon
24%
1 Kyrgyzstan
24%
6 Puerto Rico
21%
4 Uganda
21%
1 Zambia
18%
6 Czechoslovakia
15%
1 Syria
15%
4 Chinese Taipei
9%
1 Guyana
9%
1 Cape Verde
6%
13 East Germany
6%
1 Mauritius
6%
1 Bermuda
3%
1 Tonga
3%
6 West Germany
3%
1 Australasia
0%
1 Refugee Olympic Team
0%
6 Russian Olympic Committee
0%
2 Unified Team
0%
6 United Team of Germany
0%
No matching quizzes found
Score Distribution
Percent of People with Each Score
Percentile by Number Answered
Your Score History
You have not taken this quiz since the last reset